Gollum Quiz - Statistics

General Stats
  • This quiz has been taken 28 times
    16 since last reset
  • The average score is 8 of 10
Answer Stats
Answer % Correct
First hobbit to spare him Bilbo
93%
Mountain range he lived in Misty Mountains
93%
Third hobbit to spare him Sam
93%
His real name Smeagol
93%
His friend he killed Deagol
87%
His master Frodo
80%
Where he was tortured Mordor
80%
Spider ally Shelob
80%
Elves that captured him Mirkwood Elves
73%
Hobbit group Gollum is Stoors
40%
No matching quizzes found
Score Distribution
Percent of People with Each Score
Percentile by Number Answered
Your Score History
You have not taken this quiz since the last reset